Film d'animazione con maggiori incassi negli anni 80 - Statistics

Statistiche generali
  • Questo quiz è stato fatto 12 volte
  • Il punteggio medio è 2 su 10
Statistiche sulle risposte
Incasso ($) Anno di uscita del film Film % Corretto
233 000 000 1989 La sirenetta
100%
25 336 794 1986 Basil l'investigatopo
25%
63 456 988 1981 Red e Toby nemiciamici
25%
49 000 000 1988 Akira
13%
84 460 846 1988 Alla ricerca della Valle Incantata
13%
42 000 000 1988 Il mio vicino Totoro
13%
27 100 027 1989 Charlie - Anche i cani vanno in paradiso
0%
84 542 002 1986 Fievel sbarca in America
0%
34 000 000 1985 Gli orsetti del cuore - Il film
0%
100 000 000 1988 Oliver & Company
0%
Nessun quiz corrispondente trovato
Distribuzione punteggi
Percentuale di utenti per punteggio
Percentile per numero di risposta
I tuoi punteggi nel tempo
Non hai fatto questo quiz